Mathématiques rapide - division - Statistiques

Statistiques générales
  • Ce quiz a été pris 163 fois
  • Le résultat moyen est 13 sur 20
Statistiques - réponses
problème solution % Correct
10 ÷ 10 1
100%
13 ÷ 13 1
100%
18 ÷ 18 1
100%
21 ÷ 21 1
100%
34 ÷ 34 1
100%
4 ÷ 4 1
100%
42 ÷ 42 1
100%
43 ÷ 43 1
100%
150 ÷ 15 10
100%
170 ÷ 17 10
100%
190 ÷ 19 10
100%
310 ÷ 31 10
100%
440 ÷ 44 10
100%
60 ÷ 6 10
100%
80 ÷ 8 10
100%
204 ÷ 2 102
100%
525 ÷ 5 105
100%
220 ÷ 20 11
100%
374 ÷ 34 11
100%
44 ÷ 4 11
100%
506 ÷ 46 11
100%
77 ÷ 7 11
100%
99 ÷ 9 11
100%
330 ÷ 3 110
100%
440 ÷ 4 110
100%
226 ÷ 2 113
100%
230 ÷ 2 115
100%
580 ÷ 5 116
100%
354 ÷ 3 118
100%
144 ÷ 12 12
100%
156 ÷ 13 12
100%
24 ÷ 2 12
100%
36 ÷ 3 12
100%
360 ÷ 30 12
100%
372 ÷ 31 12
100%
456 ÷ 38 12
100%
504 ÷ 42 12
100%
84 ÷ 7 12
100%
242 ÷ 2 121
100%
366 ÷ 3 122
100%
488 ÷ 4 122
100%
246 ÷ 2 123
100%
250 ÷ 2 125
100%
258 ÷ 2 129
100%
130 ÷ 10 13
100%
208 ÷ 16 13
100%
26 ÷ 2 13
100%
325 ÷ 25 13
100%
403 ÷ 31 13
100%
520 ÷ 40 13
100%
546 ÷ 42 13
100%
112 ÷ 8 14
100%
210 ÷ 15 14
100%
280 ÷ 20 14
100%
336 ÷ 24 14
100%
560 ÷ 4 140
100%
284 ÷ 2 142
100%
270 ÷ 18 15
100%
435 ÷ 29 15
100%
300 ÷ 2 150
100%
450 ÷ 3 150
100%
308 ÷ 2 154
100%
128 ÷ 8 16
100%
176 ÷ 11 16
100%
336 ÷ 21 16
100%
496 ÷ 31 16
100%
320 ÷ 2 160
100%
486 ÷ 3 162
100%
336 ÷ 2 168
100%
34 ÷ 2 17
100%
356 ÷ 2 178
100%
252 ÷ 14 18
100%
468 ÷ 26 18
100%
54 ÷ 3 18
100%
558 ÷ 31 18
100%
594 ÷ 33 18
100%
90 ÷ 5 18
100%
546 ÷ 3 182
100%
561 ÷ 3 187
100%
171 ÷ 9 19
100%
190 ÷ 10 19
100%
594 ÷ 3 198
100%
4 ÷ 2 2
100%
42 ÷ 21 2
100%
62 ÷ 31 2
100%
88 ÷ 44 2
100%
90 ÷ 45 2
100%
160 ÷ 8 20
100%
180 ÷ 9 20
100%
300 ÷ 15 20
100%
40 ÷ 2 20
100%
80 ÷ 4 20
100%
404 ÷ 2 202
100%
416 ÷ 2 208
100%
252 ÷ 12 21
100%
441 ÷ 21 21
100%
588 ÷ 28 21
100%
426 ÷ 2 213
100%
434 ÷ 2 217
100%
436 ÷ 2 218
100%
176 ÷ 8 22
100%
220 ÷ 10 22
100%
396 ÷ 18 22
100%
440 ÷ 20 22
100%
528 ÷ 24 22
100%
448 ÷ 2 224
100%
450 ÷ 2 225
100%
115 ÷ 5 23
100%
299 ÷ 13 23
100%
474 ÷ 2 237
100%
480 ÷ 20 24
100%
528 ÷ 22 24
100%
125 ÷ 5 25
100%
508 ÷ 2 254
100%
518 ÷ 2 259
100%
338 ÷ 13 26
100%
52 ÷ 2 26
100%
526 ÷ 2 263
100%
532 ÷ 2 266
100%
534 ÷ 2 267
100%
108 ÷ 4 27
100%
558 ÷ 2 279
100%
364 ÷ 13 28
100%
568 ÷ 2 284
100%
588 ÷ 2 294
100%
105 ÷ 35 3
100%
21 ÷ 7 3
100%
51 ÷ 17 3
100%
57 ÷ 19 3
100%
6 ÷ 2 3
100%
99 ÷ 33 3
100%
300 ÷ 10 30
100%
231 ÷ 7 33
100%
175 ÷ 5 35
100%
420 ÷ 12 35
100%
360 ÷ 10 36
100%
333 ÷ 9 37
100%
76 ÷ 2 38
100%
195 ÷ 5 39
100%
585 ÷ 15 39
100%
140 ÷ 35 4
100%
196 ÷ 49 4
100%
20 ÷ 5 4
100%
200 ÷ 50 4
100%
200 ÷ 5 40
100%
451 ÷ 11 41
100%
168 ÷ 4 42
100%
84 ÷ 2 42
100%
315 ÷ 7 45
100%
540 ÷ 12 45
100%
506 ÷ 11 46
100%
100 ÷ 20 5
100%
165 ÷ 33 5
100%
195 ÷ 39 5
100%
45 ÷ 9 5
100%
65 ÷ 13 5
100%
75 ÷ 15 5
100%
350 ÷ 7 50
100%
153 ÷ 3 51
100%
561 ÷ 11 51
100%
530 ÷ 10 53
100%
162 ÷ 3 54
100%
216 ÷ 4 54
100%
270 ÷ 5 54
100%
385 ÷ 7 55
100%
171 ÷ 3 57
100%
174 ÷ 3 58
100%
354 ÷ 6 59
100%
472 ÷ 8 59
100%
108 ÷ 18 6
100%
12 ÷ 2 6
100%
270 ÷ 45 6
100%
36 ÷ 6 6
100%
300 ÷ 5 60
100%
600 ÷ 10 60
100%
244 ÷ 4 61
100%
366 ÷ 6 61
100%
310 ÷ 5 62
100%
512 ÷ 8 64
100%
272 ÷ 4 68
100%
138 ÷ 2 69
100%
14 ÷ 2 7
100%
154 ÷ 22 7
100%
280 ÷ 40 7
100%
329 ÷ 47 7
100%
42 ÷ 6 7
100%
70 ÷ 10 7
100%
140 ÷ 2 70
100%
497 ÷ 7 71
100%
228 ÷ 3 76
100%
237 ÷ 3 79
100%
395 ÷ 5 79
100%
240 ÷ 30 8
100%
400 ÷ 50 8
100%
332 ÷ 4 83
100%
504 ÷ 6 84
100%
261 ÷ 3 87
100%
162 ÷ 18 9
100%
18 ÷ 2 9
100%
180 ÷ 20 9
100%
324 ÷ 36 9
100%
387 ÷ 43 9
100%
460 ÷ 5 92
100%
279 ÷ 3 93
100%
558 ÷ 6 93
100%
564 ÷ 6 94
100%
190 ÷ 2 95
100%
380 ÷ 4 95
100%
194 ÷ 2 97
100%
210 ÷ 21 10
50%
418 ÷ 38 11
50%
484 ÷ 4 121
50%
126 ÷ 9 14
50%
423 ÷ 3 141
50%
544 ÷ 34 16
50%
60 ÷ 30 2
50%
320 ÷ 16 20
50%
225 ÷ 9 25
50%
465 ÷ 15 31
50%
288 ÷ 9 32
50%
129 ÷ 3 43
50%
105 ÷ 15 7
50%
126 ÷ 14 9
50%
100 ÷ 100 1
0%
11 ÷ 11 1
0%
12 ÷ 12 1
0%
14 ÷ 14 1
0%
15 ÷ 15 1
0%
16 ÷ 16 1
0%
17 ÷ 17 1
0%
19 ÷ 19 1
0%
2 ÷ 2 1
0%
20 ÷ 20 1
0%
22 ÷ 22 1
0%
23 ÷ 23 1
0%
24 ÷ 24 1
0%
25 ÷ 25 1
0%
26 ÷ 26 1
0%
27 ÷ 27 1
0%
28 ÷ 28 1
0%
29 ÷ 29 1
0%
3 ÷ 3 1
0%
30 ÷ 30 1
0%
31 ÷ 31 1
0%
32 ÷ 32 1
0%
33 ÷ 33 1
0%
35 ÷ 35 1
0%
36 ÷ 36 1
0%
37 ÷ 37 1
0%
38 ÷ 38 1
0%
39 ÷ 39 1
0%
40 ÷ 40 1
0%
41 ÷ 41 1
0%
44 ÷ 44 1
0%
45 ÷ 45 1
0%
46 ÷ 46 1
0%
47 ÷ 47 1
0%
48 ÷ 48 1
0%
49 ÷ 49 1
0%
5 ÷ 5 1
0%
50 ÷ 50 1
0%
6 ÷ 6 1
0%
7 ÷ 7 1
0%
8 ÷ 8 1
0%
9 ÷ 9 1
0%
100 ÷ 10 10
0%
110 ÷ 11 10
0%
120 ÷ 12 10
0%
130 ÷ 13 10
0%
140 ÷ 14 10
0%
160 ÷ 16 10
0%
180 ÷ 18 10
0%
20 ÷ 2 10
0%
200 ÷ 20 10
0%
220 ÷ 22 10
0%
230 ÷ 23 10
0%
240 ÷ 24 10
0%
250 ÷ 25 10
0%
260 ÷ 26 10
0%
270 ÷ 27 10
0%
280 ÷ 28 10
0%
290 ÷ 29 10
0%
30 ÷ 3 10
0%
300 ÷ 30 10
0%
320 ÷ 32 10
0%
330 ÷ 33 10
0%
340 ÷ 34 10
0%
350 ÷ 35 10
0%
360 ÷ 36 10
0%
370 ÷ 37 10
0%
380 ÷ 38 10
0%
390 ÷ 39 10
0%
40 ÷ 4 10
0%
400 ÷ 40 10
0%
410 ÷ 41 10
0%
420 ÷ 42 10
0%
430 ÷ 43 10
0%
450 ÷ 45 10
0%
460 ÷ 46 10
0%
470 ÷ 47 10
0%
480 ÷ 48 10
0%
490 ÷ 49 10
0%
50 ÷ 5 10
0%
500 ÷ 50 10
0%
70 ÷ 7 10
0%
90 ÷ 9 10
0%
200 ÷ 2 100
0%
300 ÷ 3 100
0%
400 ÷ 4 100
0%
500 ÷ 5 100
0%
600 ÷ 6 100
0%
202 ÷ 2 101
0%
303 ÷ 3 101
0%
404 ÷ 4 101
0%
505 ÷ 5 101
0%
306 ÷ 3 102
0%
408 ÷ 4 102
0%
510 ÷ 5 102
0%
206 ÷ 2 103
0%
309 ÷ 3 103
0%
412 ÷ 4 103
0%
515 ÷ 5 103
0%
208 ÷ 2 104
0%
312 ÷ 3 104
0%
416 ÷ 4 104
0%
520 ÷ 5 104
0%
210 ÷ 2 105
0%
315 ÷ 3 105
0%
420 ÷ 4 105
0%
212 ÷ 2 106
0%
318 ÷ 3 106
0%
424 ÷ 4 106
0%
530 ÷ 5 106
0%
214 ÷ 2 107
0%
321 ÷ 3 107
0%
428 ÷ 4 107
0%
535 ÷ 5 107
0%
216 ÷ 2 108
0%
324 ÷ 3 108
0%
432 ÷ 4 108
0%
540 ÷ 5 108
0%
218 ÷ 2 109
0%
327 ÷ 3 109
0%
436 ÷ 4 109
0%
545 ÷ 5 109
0%
110 ÷ 10 11
0%
121 ÷ 11 11
0%
132 ÷ 12 11
0%
143 ÷ 13 11
0%
154 ÷ 14 11
0%
165 ÷ 15 11
0%
176 ÷ 16 11
0%
187 ÷ 17 11
0%
198 ÷ 18 11
0%
209 ÷ 19 11
0%
22 ÷ 2 11
0%
231 ÷ 21 11
0%
242 ÷ 22 11
0%
253 ÷ 23 11
0%
264 ÷ 24 11
0%
275 ÷ 25 11
0%
286 ÷ 26 11
0%
297 ÷ 27 11
0%
308 ÷ 28 11
0%
319 ÷ 29 11
0%
33 ÷ 3 11
0%
330 ÷ 30 11
0%
341 ÷ 31 11
0%
352 ÷ 32 11
0%
363 ÷ 33 11
0%
385 ÷ 35 11
0%
396 ÷ 36 11
0%
407 ÷ 37 11
0%
429 ÷ 39 11
0%
440 ÷ 40 11
0%
451 ÷ 41 11
0%
462 ÷ 42 11
0%
473 ÷ 43 11
0%
484 ÷ 44 11
0%
495 ÷ 45 11
0%
517 ÷ 47 11
0%
528 ÷ 48 11
0%
539 ÷ 49 11
0%
55 ÷ 5 11
0%
550 ÷ 50 11
0%
66 ÷ 6 11
0%
88 ÷ 8 11
0%
220 ÷ 2 110
0%
550 ÷ 5 110
0%
222 ÷ 2 111
0%
333 ÷ 3 111
0%
444 ÷ 4 111
0%
555 ÷ 5 111
0%
224 ÷ 2 112
0%
336 ÷ 3 112
0%
448 ÷ 4 112
0%
560 ÷ 5 112
0%
339 ÷ 3 113
0%
452 ÷ 4 113
0%
565 ÷ 5 113
0%
228 ÷ 2 114
0%
342 ÷ 3 114
0%
456 ÷ 4 114
0%
570 ÷ 5 114
0%
345 ÷ 3 115
0%
460 ÷ 4 115
0%
575 ÷ 5 115
0%
232 ÷ 2 116
0%
348 ÷ 3 116
0%
464 ÷ 4 116
0%
234 ÷ 2 117
0%
351 ÷ 3 117
0%
468 ÷ 4 117
0%
585 ÷ 5 117
0%
236 ÷ 2 118
0%
472 ÷ 4 118
0%
590 ÷ 5 118
0%
238 ÷ 2 119
0%
357 ÷ 3 119
0%
476 ÷ 4 119
0%
595 ÷ 5 119
0%
108 ÷ 9 12
0%
120 ÷ 10 12
0%
132 ÷ 11 12
0%
168 ÷ 14 12
0%
180 ÷ 15 12
0%
192 ÷ 16 12
0%
204 ÷ 17 12
0%
216 ÷ 18 12
0%
228 ÷ 19 12
0%
240 ÷ 20 12
0%
252 ÷ 21 12
0%
264 ÷ 22 12
0%
276 ÷ 23 12
0%
288 ÷ 24 12
0%
300 ÷ 25 12
0%
312 ÷ 26 12
0%
324 ÷ 27 12
0%
336 ÷ 28 12
0%
348 ÷ 29 12
0%
384 ÷ 32 12
0%
396 ÷ 33 12
0%
408 ÷ 34 12
0%
420 ÷ 35 12
0%
432 ÷ 36 12
0%
444 ÷ 37 12
0%
468 ÷ 39 12
0%
48 ÷ 4 12
0%
480 ÷ 40 12
0%
492 ÷ 41 12
0%
516 ÷ 43 12
0%
528 ÷ 44 12
0%
540 ÷ 45 12
0%
552 ÷ 46 12
0%
564 ÷ 47 12
0%
576 ÷ 48 12
0%
588 ÷ 49 12
0%
60 ÷ 5 12
0%
600 ÷ 50 12
0%
72 ÷ 6 12
0%
96 ÷ 8 12
0%
240 ÷ 2 120
0%
360 ÷ 3 120
0%
480 ÷ 4 120
0%
600 ÷ 5 120
0%
363 ÷ 3 121
0%
244 ÷ 2 122
0%
369 ÷ 3 123
0%
492 ÷ 4 123
0%
248 ÷ 2 124
0%
372 ÷ 3 124
0%
496 ÷ 4 124
0%
375 ÷ 3 125
0%
500 ÷ 4 125
0%
252 ÷ 2 126
0%
378 ÷ 3 126
0%
504 ÷ 4 126
0%
254 ÷ 2 127
0%
381 ÷ 3 127
0%
508 ÷ 4 127
0%
256 ÷ 2 128
0%
384 ÷ 3 128
0%
512 ÷ 4 128
0%
387 ÷ 3 129
0%
516 ÷ 4 129
0%
104 ÷ 8 13
0%
117 ÷ 9 13
0%
143 ÷ 11 13
0%
156 ÷ 12 13
0%
169 ÷ 13 13
0%
182 ÷ 14 13
0%
195 ÷ 15 13
0%
221 ÷ 17 13
0%
234 ÷ 18 13
0%
247 ÷ 19 13
0%
260 ÷ 20 13
0%
273 ÷ 21 13
0%
286 ÷ 22 13
0%
299 ÷ 23 13
0%
312 ÷ 24 13
0%
338 ÷ 26 13
0%
351 ÷ 27 13
0%
364 ÷ 28 13
0%
377 ÷ 29 13
0%
39 ÷ 3 13
0%
390 ÷ 30 13
0%
416 ÷ 32 13
0%
429 ÷ 33 13
0%
442 ÷ 34 13
0%
455 ÷ 35 13
0%
468 ÷ 36 13
0%
481 ÷ 37 13
0%
494 ÷ 38 13
0%
507 ÷ 39 13
0%
52 ÷ 4 13
0%
533 ÷ 41 13
0%
559 ÷ 43 13
0%
572 ÷ 44 13
0%
585 ÷ 45 13
0%
598 ÷ 46 13
0%
65 ÷ 5 13
0%
78 ÷ 6 13
0%
91 ÷ 7 13
0%
260 ÷ 2 130
0%
390 ÷ 3 130
0%
520 ÷ 4 130
0%
262 ÷ 2 131
0%
393 ÷ 3 131
0%
524 ÷ 4 131
0%
264 ÷ 2 132
0%
396 ÷ 3 132
0%
528 ÷ 4 132
0%
266 ÷ 2 133
0%
399 ÷ 3 133
0%
532 ÷ 4 133
0%
268 ÷ 2 134
0%
402 ÷ 3 134
0%
536 ÷ 4 134
0%
270 ÷ 2 135
0%
405 ÷ 3 135
0%
540 ÷ 4 135
0%
272 ÷ 2 136
0%
408 ÷ 3 136
0%
544 ÷ 4 136
0%
274 ÷ 2 137
0%
411 ÷ 3 137
0%
548 ÷ 4 137
0%
276 ÷ 2 138
0%
414 ÷ 3 138
0%
552 ÷ 4 138
0%
278 ÷ 2 139
0%
417 ÷ 3 139
0%
556 ÷ 4 139
0%
140 ÷ 10 14
0%
154 ÷ 11 14
0%
168 ÷ 12 14
0%
182 ÷ 13 14
0%
196 ÷ 14 14
0%
224 ÷ 16 14
0%
238 ÷ 17 14
0%
252 ÷ 18 14
0%
266 ÷ 19 14
0%
28 ÷ 2 14
0%
294 ÷ 21 14
0%
308 ÷ 22 14
0%
322 ÷ 23 14
0%
350 ÷ 25 14
0%
364 ÷ 26 14
0%
378 ÷ 27 14
0%
392 ÷ 28 14
0%
406 ÷ 29 14
0%
42 ÷ 3 14
0%
420 ÷ 30 14
0%
434 ÷ 31 14
0%
448 ÷ 32 14
0%
462 ÷ 33 14
0%
476 ÷ 34 14
0%
490 ÷ 35 14
0%
504 ÷ 36 14
0%
518 ÷ 37 14
0%
532 ÷ 38 14
0%
546 ÷ 39 14
0%
56 ÷ 4 14
0%
560 ÷ 40 14
0%
574 ÷ 41 14
0%
588 ÷ 42 14
0%
70 ÷ 5 14
0%
84 ÷ 6 14
0%
98 ÷ 7 14
0%
280 ÷ 2 140
0%
420 ÷ 3 140
0%
282 ÷ 2 141
0%
564 ÷ 4 141
0%
426 ÷ 3 142
0%
568 ÷ 4 142
0%
286 ÷ 2 143
0%
429 ÷ 3 143
0%
572 ÷ 4 143
0%
288 ÷ 2 144
0%
432 ÷ 3 144
0%
576 ÷ 4 144
0%
290 ÷ 2 145
0%
435 ÷ 3 145
0%
580 ÷ 4 145
0%
292 ÷ 2 146
0%
438 ÷ 3 146
0%
584 ÷ 4 146
0%
294 ÷ 2 147
0%
441 ÷ 3 147
0%
588 ÷ 4 147
0%
296 ÷ 2 148
0%
444 ÷ 3 148
0%
592 ÷ 4 148
0%
298 ÷ 2 149
0%
447 ÷ 3 149
0%
596 ÷ 4 149
0%
105 ÷ 7 15
0%
120 ÷ 8 15
0%
135 ÷ 9 15
0%
150 ÷ 10 15
0%
165 ÷ 11 15
0%
180 ÷ 12 15
0%
195 ÷ 13 15
0%
210 ÷ 14 15
0%
225 ÷ 15 15
0%
240 ÷ 16 15
0%
255 ÷ 17 15
0%
285 ÷ 19 15
0%
30 ÷ 2 15
0%
300 ÷ 20 15
0%
315 ÷ 21 15
0%
330 ÷ 22 15
0%
345 ÷ 23 15
0%
360 ÷ 24 15
0%
375 ÷ 25 15
0%
390 ÷ 26 15
0%
405 ÷ 27 15
0%
420 ÷ 28 15
0%
45 ÷ 3 15
0%
450 ÷ 30 15
0%
465 ÷ 31 15
0%
480 ÷ 32 15
0%
495 ÷ 33 15
0%
510 ÷ 34 15
0%
525 ÷ 35 15
0%
540 ÷ 36 15
0%
555 ÷ 37 15
0%
570 ÷ 38 15
0%
585 ÷ 39 15
0%
60 ÷ 4 15
0%
600 ÷ 40 15
0%
75 ÷ 5 15
0%
90 ÷ 6 15
0%
600 ÷ 4 150
0%
302 ÷ 2 151
0%
453 ÷ 3 151
0%
304 ÷ 2 152
0%
456 ÷ 3 152
0%
306 ÷ 2 153
0%
459 ÷ 3 153
0%
462 ÷ 3 154
0%
310 ÷ 2 155
0%
465 ÷ 3 155
0%
312 ÷ 2 156
0%
468 ÷ 3 156
0%
314 ÷ 2 157
0%
471 ÷ 3 157
0%
316 ÷ 2 158
0%
474 ÷ 3 158
0%
318 ÷ 2 159
0%
477 ÷ 3 159
0%
112 ÷ 7 16
0%
144 ÷ 9 16
0%
160 ÷ 10 16
0%
192 ÷ 12 16
0%
208 ÷ 13 16
0%
224 ÷ 14 16
0%
240 ÷ 15 16
0%
256 ÷ 16 16
0%
272 ÷ 17 16
0%
288 ÷ 18 16
0%
304 ÷ 19 16
0%
32 ÷ 2 16
0%
320 ÷ 20 16
0%
352 ÷ 22 16
0%
368 ÷ 23 16
0%
384 ÷ 24 16
0%
400 ÷ 25 16
0%
416 ÷ 26 16
0%
432 ÷ 27 16
0%
448 ÷ 28 16
0%
464 ÷ 29 16
0%
48 ÷ 3 16
0%
480 ÷ 30 16
0%
512 ÷ 32 16
0%
528 ÷ 33 16
0%
560 ÷ 35 16
0%
576 ÷ 36 16
0%
592 ÷ 37 16
0%
64 ÷ 4 16
0%
80 ÷ 5 16
0%
96 ÷ 6 16
0%
480 ÷ 3 160
0%
322 ÷ 2 161
0%
483 ÷ 3 161
0%
324 ÷ 2 162
0%
326 ÷ 2 163
0%
489 ÷ 3 163
0%
328 ÷ 2 164
0%
492 ÷ 3 164
0%
330 ÷ 2 165
0%
495 ÷ 3 165
0%
332 ÷ 2 166
0%
498 ÷ 3 166
0%
334 ÷ 2 167
0%
501 ÷ 3 167
0%
504 ÷ 3 168
0%
338 ÷ 2 169
0%
507 ÷ 3 169
0%
102 ÷ 6 17
0%
119 ÷ 7 17
0%
136 ÷ 8 17
0%
153 ÷ 9 17
0%
170 ÷ 10 17
0%
187 ÷ 11 17
0%
204 ÷ 12 17
0%
221 ÷ 13 17
0%
238 ÷ 14 17
0%
255 ÷ 15 17
0%
272 ÷ 16 17
0%
289 ÷ 17 17
0%
306 ÷ 18 17
0%
323 ÷ 19 17
0%
340 ÷ 20 17
0%
357 ÷ 21 17
0%
374 ÷ 22 17
0%
391 ÷ 23 17
0%
408 ÷ 24 17
0%
425 ÷ 25 17
0%
442 ÷ 26 17
0%
459 ÷ 27 17
0%
476 ÷ 28 17
0%
493 ÷ 29 17
0%
51 ÷ 3 17
0%
510 ÷ 30 17
0%
527 ÷ 31 17
0%
544 ÷ 32 17
0%
561 ÷ 33 17
0%
578 ÷ 34 17
0%
595 ÷ 35 17
0%
68 ÷ 4 17
0%
85 ÷ 5 17
0%
340 ÷ 2 170
0%
510 ÷ 3 170
0%
342 ÷ 2 171
0%
513 ÷ 3 171
0%
344 ÷ 2 172
0%
516 ÷ 3 172
0%
346 ÷ 2 173
0%
519 ÷ 3 173
0%
348 ÷ 2 174
0%
522 ÷ 3 174
0%
350 ÷ 2 175
0%
525 ÷ 3 175
0%
352 ÷ 2 176
0%
528 ÷ 3 176
0%
354 ÷ 2 177
0%
531 ÷ 3 177
0%
534 ÷ 3 178
0%
358 ÷ 2 179
0%
537 ÷ 3 179
0%
108 ÷ 6 18
0%
126 ÷ 7 18
0%
144 ÷ 8 18
0%
162 ÷ 9 18
0%
180 ÷ 10 18
0%
198 ÷ 11 18
0%
216 ÷ 12 18
0%
234 ÷ 13 18
0%
270 ÷ 15 18
0%
288 ÷ 16 18
0%
306 ÷ 17 18
0%
324 ÷ 18 18
0%
342 ÷ 19 18
0%
36 ÷ 2 18
0%
360 ÷ 20 18
0%
378 ÷ 21 18
0%
396 ÷ 22 18
0%
414 ÷ 23 18
0%
432 ÷ 24 18
0%
450 ÷ 25 18
0%
486 ÷ 27 18
0%
504 ÷ 28 18
0%
522 ÷ 29 18
0%
540 ÷ 30 18
0%
576 ÷ 32 18
0%
72 ÷ 4 18
0%
360 ÷ 2 180
0%
540 ÷ 3 180
0%
362 ÷ 2 181
0%
543 ÷ 3 181
0%
364 ÷ 2 182
0%
366 ÷ 2 183
0%
549 ÷ 3 183
0%
368 ÷ 2 184
0%
552 ÷ 3 184
0%
370 ÷ 2 185
0%
555 ÷ 3 185
0%
372 ÷ 2 186
0%
558 ÷ 3 186
0%
374 ÷ 2 187
0%
376 ÷ 2 188
0%
564 ÷ 3 188
0%
378 ÷ 2 189
0%
567 ÷ 3 189
0%
114 ÷ 6 19
0%
133 ÷ 7 19
0%
152 ÷ 8 19
0%
209 ÷ 11 19
0%
228 ÷ 12 19
0%
247 ÷ 13 19
0%
266 ÷ 14 19
0%
285 ÷ 15 19
0%
304 ÷ 16 19
0%
323 ÷ 17 19
0%
342 ÷ 18 19
0%
361 ÷ 19 19
0%
38 ÷ 2 19
0%
380 ÷ 20 19
0%
399 ÷ 21 19
0%
418 ÷ 22 19
0%
437 ÷ 23 19
0%
456 ÷ 24 19
0%
475 ÷ 25 19
0%
494 ÷ 26 19
0%
513 ÷ 27 19
0%
532 ÷ 28 19
0%
551 ÷ 29 19
0%
57 ÷ 3 19
0%
570 ÷ 30 19
0%
589 ÷ 31 19
0%
76 ÷ 4 19
0%
95 ÷ 5 19
0%
380 ÷ 2 190
0%
570 ÷ 3 190
0%
382 ÷ 2 191
0%
573 ÷ 3 191
0%
384 ÷ 2 192
0%
576 ÷ 3 192
0%
386 ÷ 2 193
0%
579 ÷ 3 193
0%
388 ÷ 2 194
0%
582 ÷ 3 194
0%
390 ÷ 2 195
0%
585 ÷ 3 195
0%
392 ÷ 2 196
0%
588 ÷ 3 196
0%
394 ÷ 2 197
0%
591 ÷ 3 197
0%
396 ÷ 2 198
0%
398 ÷ 2 199
0%
597 ÷ 3 199
0%
10 ÷ 5 2
0%
100 ÷ 50 2
0%
12 ÷ 6 2
0%
14 ÷ 7 2
0%
16 ÷ 8 2
0%
18 ÷ 9 2
0%
20 ÷ 10 2
0%
22 ÷ 11 2
0%
24 ÷ 12 2
0%
26 ÷ 13 2
0%
28 ÷ 14 2
0%
30 ÷ 15 2
0%
32 ÷ 16 2
0%
34 ÷ 17 2
0%
36 ÷ 18 2
0%
38 ÷ 19 2
0%
40 ÷ 20 2
0%
44 ÷ 22 2
0%
46 ÷ 23 2
0%
48 ÷ 24 2
0%
50 ÷ 25 2
0%
52 ÷ 26 2
0%
54 ÷ 27 2
0%
56 ÷ 28 2
0%
58 ÷ 29 2
0%
6 ÷ 3 2
0%
64 ÷ 32 2
0%
66 ÷ 33 2
0%
68 ÷ 34 2
0%
70 ÷ 35 2
0%
72 ÷ 36 2
0%
74 ÷ 37 2
0%
76 ÷ 38 2
0%
78 ÷ 39 2
0%
8 ÷ 4 2
0%
80 ÷ 40 2
0%
82 ÷ 41 2
0%
84 ÷ 42 2
0%
86 ÷ 43 2
0%
92 ÷ 46 2
0%
94 ÷ 47 2
0%
96 ÷ 48 2
0%
98 ÷ 49 2
0%
100 ÷ 5 20
0%
120 ÷ 6 20
0%
140 ÷ 7 20
0%
200 ÷ 10 20
0%
220 ÷ 11 20
0%
240 ÷ 12 20
0%
260 ÷ 13 20
0%
280 ÷ 14 20
0%
340 ÷ 17 20
0%
360 ÷ 18 20
0%
380 ÷ 19 20
0%
400 ÷ 20 20
0%
420 ÷ 21 20
0%
440 ÷ 22 20
0%
460 ÷ 23 20
0%
480 ÷ 24 20
0%
500 ÷ 25 20
0%
520 ÷ 26 20
0%
540 ÷ 27 20
0%
560 ÷ 28 20
0%
580 ÷ 29 20
0%
60 ÷ 3 20
0%
600 ÷ 30 20
0%
400 ÷ 2 200
0%
600 ÷ 3 200
0%
402 ÷ 2 201
0%
406 ÷ 2 203
0%
408 ÷ 2 204
0%
410 ÷ 2 205
0%
412 ÷ 2 206
0%
414 ÷ 2 207
0%
418 ÷ 2 209
0%
105 ÷ 5 21
0%
126 ÷ 6 21
0%
147 ÷ 7 21
0%
168 ÷ 8 21
0%
189 ÷ 9 21
0%
210 ÷ 10 21
0%
231 ÷ 11 21
0%
273 ÷ 13 21
0%
294 ÷ 14 21
0%
315 ÷ 15 21
0%
336 ÷ 16 21
0%
357 ÷ 17 21
0%
378 ÷ 18 21
0%
399 ÷ 19 21
0%
42 ÷ 2 21
0%
420 ÷ 20 21
0%
462 ÷ 22 21
0%
483 ÷ 23 21
0%
504 ÷ 24 21
0%
525 ÷ 25 21
0%
546 ÷ 26 21
0%
567 ÷ 27 21
0%
63 ÷ 3 21
0%
84 ÷ 4 21
0%
420 ÷ 2 210
0%
422 ÷ 2 211
0%
424 ÷ 2 212
0%
428 ÷ 2 214
0%
430 ÷ 2 215
0%
432 ÷ 2 216
0%
438 ÷ 2 219
0%
110 ÷ 5 22
0%
132 ÷ 6 22
0%
154 ÷ 7 22
0%
198 ÷ 9 22
0%
242 ÷ 11 22
0%
264 ÷ 12 22
0%
286 ÷ 13 22
0%
308 ÷ 14 22
0%
330 ÷ 15 22
0%
352 ÷ 16 22
0%
374 ÷ 17 22
0%
418 ÷ 19 22
0%
44 ÷ 2 22
0%
462 ÷ 21 22
0%
484 ÷ 22 22
0%
506 ÷ 23 22
0%
550 ÷ 25 22
0%
572 ÷ 26 22
0%
594 ÷ 27 22
0%
66 ÷ 3 22
0%
88 ÷ 4 22
0%
440 ÷ 2 220
0%
442 ÷ 2 221
0%
444 ÷ 2 222
0%
446 ÷ 2 223
0%
452 ÷ 2 226
0%
454 ÷ 2 227
0%
456 ÷ 2 228
0%
458 ÷ 2 229
0%
138 ÷ 6 23
0%
161 ÷ 7 23
0%
184 ÷ 8 23
0%
207 ÷ 9 23
0%
230 ÷ 10 23
0%
253 ÷ 11 23
0%
276 ÷ 12 23
0%
322 ÷ 14 23
0%
345 ÷ 15 23
0%
368 ÷ 16 23
0%
391 ÷ 17 23
0%
414 ÷ 18 23
0%
437 ÷ 19 23
0%
46 ÷ 2 23
0%
460 ÷ 20 23
0%
483 ÷ 21 23
0%
506 ÷ 22 23
0%
529 ÷ 23 23
0%
552 ÷ 24 23
0%
575 ÷ 25 23
0%
598 ÷ 26 23
0%
69 ÷ 3 23
0%
92 ÷ 4 23
0%
460 ÷ 2 230
0%
462 ÷ 2 231
0%
464 ÷ 2 232
0%
466 ÷ 2 233
0%
468 ÷ 2 234
0%
470 ÷ 2 235
0%
472 ÷ 2 236
0%
476 ÷ 2 238
0%
478 ÷ 2 239
0%
120 ÷ 5 24
0%
144 ÷ 6 24
0%
168 ÷ 7 24
0%
192 ÷ 8 24
0%
216 ÷ 9 24
0%
240 ÷ 10 24
0%
264 ÷ 11 24
0%
288 ÷ 12 24
0%
312 ÷ 13 24
0%
336 ÷ 14 24
0%
360 ÷ 15 24
0%
384 ÷ 16 24
0%
408 ÷ 17 24
0%
432 ÷ 18 24
0%
456 ÷ 19 24
0%
48 ÷ 2 24
0%
504 ÷ 21 24
0%
552 ÷ 23 24
0%
576 ÷ 24 24
0%
600 ÷ 25 24
0%
72 ÷ 3 24
0%
96 ÷ 4 24
0%
480 ÷ 2 240
0%
482 ÷ 2 241
0%
484 ÷ 2 242
0%
486 ÷ 2 243
0%
488 ÷ 2 244
0%
490 ÷ 2 245
0%
492 ÷ 2 246
0%
494 ÷ 2 247
0%
496 ÷ 2 248
0%
498 ÷ 2 249
0%
100 ÷ 4 25
0%
150 ÷ 6 25
0%
175 ÷ 7 25
0%
200 ÷ 8 25
0%
250 ÷ 10 25
0%
275 ÷ 11 25
0%
300 ÷ 12 25
0%
325 ÷ 13 25
0%
350 ÷ 14 25
0%
375 ÷ 15 25
0%
400 ÷ 16 25
0%
425 ÷ 17 25
0%
450 ÷ 18 25
0%
475 ÷ 19 25
0%
50 ÷ 2 25
0%
500 ÷ 20 25
0%
525 ÷ 21 25
0%
550 ÷ 22 25
0%
575 ÷ 23 25
0%
600 ÷ 24 25
0%
75 ÷ 3 25
0%
500 ÷ 2 250
0%
502 ÷ 2 251
0%
504 ÷ 2 252
0%
506 ÷ 2 253
0%
510 ÷ 2 255
0%
512 ÷ 2 256
0%
514 ÷ 2 257
0%
516 ÷ 2 258
0%
104 ÷ 4 26
0%
130 ÷ 5 26
0%
156 ÷ 6 26
0%
182 ÷ 7 26
0%
208 ÷ 8 26
0%
234 ÷ 9 26
0%
260 ÷ 10 26
0%
286 ÷ 11 26
0%
312 ÷ 12 26
0%
364 ÷ 14 26
0%
390 ÷ 15 26
0%
416 ÷ 16 26
0%
442 ÷ 17 26
0%
468 ÷ 18 26
0%
494 ÷ 19 26
0%
520 ÷ 20 26
0%
546 ÷ 21 26
0%
572 ÷ 22 26
0%
598 ÷ 23 26
0%
78 ÷ 3 26
0%
520 ÷ 2 260
0%
522 ÷ 2 261
0%
524 ÷ 2 262
0%
528 ÷ 2 264
0%
530 ÷ 2 265
0%
536 ÷ 2 268
0%
538 ÷ 2 269
0%
135 ÷ 5 27
0%
162 ÷ 6 27
0%
189 ÷ 7 27
0%
216 ÷ 8 27
0%
243 ÷ 9 27
0%
270 ÷ 10 27
0%
297 ÷ 11 27
0%
324 ÷ 12 27
0%
351 ÷ 13 27
0%
378 ÷ 14 27
0%
405 ÷ 15 27
0%
432 ÷ 16 27
0%
459 ÷ 17 27
0%
486 ÷ 18 27
0%
513 ÷ 19 27
0%
54 ÷ 2 27
0%
540 ÷ 20 27
0%
567 ÷ 21 27
0%
594 ÷ 22 27
0%
81 ÷ 3 27
0%
540 ÷ 2 270
0%
542 ÷ 2 271
0%
544 ÷ 2 272
0%
546 ÷ 2 273
0%
548 ÷ 2 274
0%
550 ÷ 2 275
0%
552 ÷ 2 276
0%
554 ÷ 2 277
0%
556 ÷ 2 278
0%
112 ÷ 4 28
0%
140 ÷ 5 28
0%
168 ÷ 6 28
0%
196 ÷ 7 28
0%
224 ÷ 8 28
0%
252 ÷ 9 28
0%
280 ÷ 10 28
0%
308 ÷ 11 28
0%
336 ÷ 12 28
0%
392 ÷ 14 28
0%
420 ÷ 15 28
0%
448 ÷ 16 28
0%
476 ÷ 17 28
0%
504 ÷ 18 28
0%
532 ÷ 19 28
0%
56 ÷ 2 28
0%
560 ÷ 20 28
0%
588 ÷ 21 28
0%
84 ÷ 3 28
0%
560 ÷ 2 280
0%
562 ÷ 2 281
0%
564 ÷ 2 282
0%
566 ÷ 2 283
0%
570 ÷ 2 285
0%
572 ÷ 2 286
0%
574 ÷ 2 287
0%
576 ÷ 2 288
0%
578 ÷ 2 289
0%
116 ÷ 4 29
0%
145 ÷ 5 29
0%
174 ÷ 6 29
0%
203 ÷ 7 29
0%
232 ÷ 8 29
0%
261 ÷ 9 29
0%
290 ÷ 10 29
0%
319 ÷ 11 29
0%
348 ÷ 12 29
0%
377 ÷ 13 29
0%
406 ÷ 14 29
0%
435 ÷ 15 29
0%
464 ÷ 16 29
0%
493 ÷ 17 29
0%
522 ÷ 18 29
0%
551 ÷ 19 29
0%
58 ÷ 2 29
0%
580 ÷ 20 29
0%
87 ÷ 3 29
0%
580 ÷ 2 290
0%
582 ÷ 2 291
0%
584 ÷ 2 292
0%
586 ÷ 2 293
0%
590 ÷ 2 295
0%
592 ÷ 2 296
0%
594 ÷ 2 297
0%
596 ÷ 2 298
0%
598 ÷ 2 299
0%
102 ÷ 34 3
0%
108 ÷ 36 3
0%
111 ÷ 37 3
0%
114 ÷ 38 3
0%
117 ÷ 39 3
0%
12 ÷ 4 3
0%
120 ÷ 40 3
0%
123 ÷ 41 3
0%
126 ÷ 42 3
0%
129 ÷ 43 3
0%
132 ÷ 44 3
0%
135 ÷ 45 3
0%
138 ÷ 46 3
0%
141 ÷ 47 3
0%
144 ÷ 48 3
0%
147 ÷ 49 3
0%
15 ÷ 5 3
0%
150 ÷ 50 3
0%
18 ÷ 6 3
0%
24 ÷ 8 3
0%
27 ÷ 9 3
0%
30 ÷ 10 3
0%
33 ÷ 11 3
0%
36 ÷ 12 3
0%
39 ÷ 13 3
0%
42 ÷ 14 3
0%
45 ÷ 15 3
0%
48 ÷ 16 3
0%
54 ÷ 18 3
0%
60 ÷ 20 3
0%
63 ÷ 21 3
0%
66 ÷ 22 3
0%
69 ÷ 23 3
0%
72 ÷ 24 3
0%
75 ÷ 25 3
0%
78 ÷ 26 3
0%
81 ÷ 27 3
0%
84 ÷ 28 3
0%
87 ÷ 29 3
0%
9 ÷ 3 3
0%
90 ÷ 30 3
0%
93 ÷ 31 3
0%
96 ÷ 32 3
0%
120 ÷ 4 30
0%
150 ÷ 5 30
0%
180 ÷ 6 30
0%
210 ÷ 7 30
0%
240 ÷ 8 30
0%
270 ÷ 9 30
0%
330 ÷ 11 30
0%
360 ÷ 12 30
0%
390 ÷ 13 30
0%
420 ÷ 14 30
0%
450 ÷ 15 30
0%
480 ÷ 16 30
0%
510 ÷ 17 30
0%
540 ÷ 18 30
0%
570 ÷ 19 30
0%
60 ÷ 2 30
0%
600 ÷ 20 30
0%
90 ÷ 3 30
0%
600 ÷ 2 300
0%
124 ÷ 4 31
0%
155 ÷ 5 31
0%
186 ÷ 6 31
0%
217 ÷ 7 31
0%
248 ÷ 8 31
0%
279 ÷ 9 31
0%
310 ÷ 10 31
0%
341 ÷ 11 31
0%
372 ÷ 12 31
0%
403 ÷ 13 31
0%
434 ÷ 14 31
0%
496 ÷ 16 31
0%
527 ÷ 17 31
0%
558 ÷ 18 31
0%
589 ÷ 19 31
0%
62 ÷ 2 31
0%
93 ÷ 3 31
0%
128 ÷ 4 32
0%
160 ÷ 5 32
0%
192 ÷ 6 32
0%
224 ÷ 7 32
0%
256 ÷ 8 32
0%
320 ÷ 10 32
0%
352 ÷ 11 32
0%
384 ÷ 12 32
0%
416 ÷ 13 32
0%
448 ÷ 14 32
0%
480 ÷ 15 32
0%
512 ÷ 16 32
0%
544 ÷ 17 32
0%
576 ÷ 18 32
0%
64 ÷ 2 32
0%
96 ÷ 3 32
0%
132 ÷ 4 33
0%
165 ÷ 5 33
0%
198 ÷ 6 33
0%
264 ÷ 8 33
0%
297 ÷ 9 33
0%
330 ÷ 10 33
0%
363 ÷ 11 33
0%
396 ÷ 12 33
0%
429 ÷ 13 33
0%
462 ÷ 14 33
0%
495 ÷ 15 33
0%
528 ÷ 16 33
0%
561 ÷ 17 33
0%
594 ÷ 18 33
0%
66 ÷ 2 33
0%
99 ÷ 3 33
0%
102 ÷ 3 34
0%
136 ÷ 4 34
0%
170 ÷ 5 34
0%
204 ÷ 6 34
0%
238 ÷ 7 34
0%
272 ÷ 8 34
0%
306 ÷ 9 34
0%
340 ÷ 10 34
0%
374 ÷ 11 34
0%
408 ÷ 12 34
0%
442 ÷ 13 34
0%
476 ÷ 14 34
0%
510 ÷ 15 34
0%
544 ÷ 16 34
0%
578 ÷ 17 34
0%
68 ÷ 2 34
0%
105 ÷ 3 35
0%
140 ÷ 4 35
0%
210 ÷ 6 35
0%
245 ÷ 7 35
0%
280 ÷ 8 35
0%
315 ÷ 9 35
0%
350 ÷ 10 35
0%
385 ÷ 11 35
0%
455 ÷ 13 35
0%
490 ÷ 14 35
0%
525 ÷ 15 35
0%
560 ÷ 16 35
0%
595 ÷ 17 35
0%
70 ÷ 2 35
0%
108 ÷ 3 36
0%
144 ÷ 4 36
0%
180 ÷ 5 36
0%
216 ÷ 6 36
0%
252 ÷ 7 36
0%
288 ÷ 8 36
0%
324 ÷ 9 36
0%
396 ÷ 11 36
0%
432 ÷ 12 36
0%
468 ÷ 13 36
0%
504 ÷ 14 36
0%
540 ÷ 15 36
0%
576 ÷ 16 36
0%
72 ÷ 2 36
0%
111 ÷ 3 37
0%
148 ÷ 4 37
0%
185 ÷ 5 37
0%
222 ÷ 6 37
0%
259 ÷ 7 37
0%
296 ÷ 8 37
0%
370 ÷ 10 37
0%
407 ÷ 11 37
0%
444 ÷ 12 37
0%
481 ÷ 13 37
0%
518 ÷ 14 37
0%
555 ÷ 15 37
0%
592 ÷ 16 37
0%
74 ÷ 2 37
0%
114 ÷ 3 38
0%
152 ÷ 4 38
0%
190 ÷ 5 38
0%
228 ÷ 6 38
0%
266 ÷ 7 38
0%
304 ÷ 8 38
0%
342 ÷ 9 38
0%
380 ÷ 10 38
0%
418 ÷ 11 38
0%
456 ÷ 12 38
0%
494 ÷ 13 38
0%
532 ÷ 14 38
0%
570 ÷ 15 38
0%
117 ÷ 3 39
0%
156 ÷ 4 39
0%
234 ÷ 6 39
0%
273 ÷ 7 39
0%
312 ÷ 8 39
0%
351 ÷ 9 39
0%
390 ÷ 10 39
0%
429 ÷ 11 39
0%
468 ÷ 12 39
0%
507 ÷ 13 39
0%
546 ÷ 14 39
0%
78 ÷ 2 39
0%
100 ÷ 25 4
0%
104 ÷ 26 4
0%
108 ÷ 27 4
0%
112 ÷ 28 4
0%
116 ÷ 29 4
0%
12 ÷ 3 4
0%
120 ÷ 30 4
0%
124 ÷ 31 4
0%
128 ÷ 32 4
0%
132 ÷ 33 4
0%
136 ÷ 34 4
0%
144 ÷ 36 4
0%
148 ÷ 37 4
0%
152 ÷ 38 4
0%
156 ÷ 39 4
0%
16 ÷ 4 4
0%
160 ÷ 40 4
0%
164 ÷ 41 4
0%
168 ÷ 42 4
0%
172 ÷ 43 4
0%
176 ÷ 44 4
0%
180 ÷ 45 4
0%
184 ÷ 46 4
0%
188 ÷ 47 4
0%
192 ÷ 48 4
0%
24 ÷ 6 4
0%
28 ÷ 7 4
0%
32 ÷ 8 4
0%
36 ÷ 9 4
0%
40 ÷ 10 4
0%
44 ÷ 11 4
0%
48 ÷ 12 4
0%
52 ÷ 13 4
0%
56 ÷ 14 4
0%
60 ÷ 15 4
0%
64 ÷ 16 4
0%
68 ÷ 17 4
0%
72 ÷ 18 4
0%
76 ÷ 19 4
0%
8 ÷ 2 4
0%
80 ÷ 20 4
0%
84 ÷ 21 4
0%
88 ÷ 22 4
0%
92 ÷ 23 4
0%
96 ÷ 24 4
0%
120 ÷ 3 40
0%
160 ÷ 4 40
0%
240 ÷ 6 40
0%
280 ÷ 7 40
0%
320 ÷ 8 40
0%
360 ÷ 9 40
0%
400 ÷ 10 40
0%
440 ÷ 11 40
0%
480 ÷ 12 40
0%
520 ÷ 13 40
0%
560 ÷ 14 40
0%
600 ÷ 15 40
0%
80 ÷ 2 40
0%
123 ÷ 3 41
0%
164 ÷ 4 41
0%
205 ÷ 5 41
0%
246 ÷ 6 41
0%
287 ÷ 7 41
0%
328 ÷ 8 41
0%
369 ÷ 9 41
0%
410 ÷ 10 41
0%
492 ÷ 12 41
0%
533 ÷ 13 41
0%
574 ÷ 14 41
0%
82 ÷ 2 41
0%
126 ÷ 3 42
0%
210 ÷ 5 42
0%
252 ÷ 6 42
0%
294 ÷ 7 42
0%
336 ÷ 8 42
0%
378 ÷ 9 42
0%
420 ÷ 10 42
0%
462 ÷ 11 42
0%
504 ÷ 12 42
0%
546 ÷ 13 42
0%
588 ÷ 14 42
0%
172 ÷ 4 43
0%
215 ÷ 5 43
0%
258 ÷ 6 43
0%
301 ÷ 7 43
0%
344 ÷ 8 43
0%
387 ÷ 9 43
0%
430 ÷ 10 43
0%
473 ÷ 11 43
0%
516 ÷ 12 43
0%
559 ÷ 13 43
0%
86 ÷ 2 43
0%
132 ÷ 3 44
0%
176 ÷ 4 44
0%
220 ÷ 5 44
0%
264 ÷ 6 44
0%
308 ÷ 7 44
0%
352 ÷ 8 44
0%
396 ÷ 9 44
0%
440 ÷ 10 44
0%
484 ÷ 11 44
0%
528 ÷ 12 44
0%
572 ÷ 13 44
0%
88 ÷ 2 44
0%
135 ÷ 3 45
0%
180 ÷ 4 45
0%
225 ÷ 5 45
0%
270 ÷ 6 45
0%
360 ÷ 8 45
0%
405 ÷ 9 45
0%
450 ÷ 10 45
0%
495 ÷ 11 45
0%
585 ÷ 13 45
0%
90 ÷ 2 45
0%
138 ÷ 3 46
0%
184 ÷ 4 46
0%
230 ÷ 5 46
0%
276 ÷ 6 46
0%
322 ÷ 7 46
0%
368 ÷ 8 46
0%
414 ÷ 9 46
0%
460 ÷ 10 46
0%
552 ÷ 12 46
0%
598 ÷ 13 46
0%
92 ÷ 2 46
0%
141 ÷ 3 47
0%
188 ÷ 4 47
0%
235 ÷ 5 47
0%
282 ÷ 6 47
0%
329 ÷ 7 47
0%
376 ÷ 8 47
0%
423 ÷ 9 47
0%
470 ÷ 10 47
0%
517 ÷ 11 47
0%
564 ÷ 12 47
0%
94 ÷ 2 47
0%
144 ÷ 3 48
0%
192 ÷ 4 48
0%
240 ÷ 5 48
0%
288 ÷ 6 48
0%
336 ÷ 7 48
0%
384 ÷ 8 48
0%
432 ÷ 9 48
0%
480 ÷ 10 48
0%
528 ÷ 11 48
0%
576 ÷ 12 48
0%
96 ÷ 2 48
0%
147 ÷ 3 49
0%
196 ÷ 4 49
0%
245 ÷ 5 49
0%
294 ÷ 6 49
0%
343 ÷ 7 49
0%
392 ÷ 8 49
0%
441 ÷ 9 49
0%
490 ÷ 10 49
0%
539 ÷ 11 49
0%
588 ÷ 12 49
0%
98 ÷ 2 49
0%
10 ÷ 2 5
0%
105 ÷ 21 5
0%
110 ÷ 22 5
0%
115 ÷ 23 5
0%
120 ÷ 24 5
0%
125 ÷ 25 5
0%
130 ÷ 26 5
0%
135 ÷ 27 5
0%
140 ÷ 28 5
0%
145 ÷ 29 5
0%
15 ÷ 3 5
0%
150 ÷ 30 5
0%
155 ÷ 31 5
0%
160 ÷ 32 5
0%
170 ÷ 34 5
0%
175 ÷ 35 5
0%
180 ÷ 36 5
0%
185 ÷ 37 5
0%
190 ÷ 38 5
0%
20 ÷ 4 5
0%
200 ÷ 40 5
0%
205 ÷ 41 5
0%
210 ÷ 42 5
0%
215 ÷ 43 5
0%
220 ÷ 44 5
0%
225 ÷ 45 5
0%
230 ÷ 46 5
0%
235 ÷ 47 5
0%
240 ÷ 48 5
0%
245 ÷ 49 5
0%
25 ÷ 5 5
0%
250 ÷ 50 5
0%
30 ÷ 6 5
0%
35 ÷ 7 5
0%
40 ÷ 8 5
0%
50 ÷ 10 5
0%
55 ÷ 11 5
0%
60 ÷ 12 5
0%
70 ÷ 14 5
0%
80 ÷ 16 5
0%
85 ÷ 17 5
0%
90 ÷ 18 5
0%
95 ÷ 19 5
0%
100 ÷ 2 50
0%
150 ÷ 3 50
0%
200 ÷ 4 50
0%
250 ÷ 5 50
0%
300 ÷ 6 50
0%
400 ÷ 8 50
0%
450 ÷ 9 50
0%
500 ÷ 10 50
0%
550 ÷ 11 50
0%
600 ÷ 12 50
0%
102 ÷ 2 51
0%
204 ÷ 4 51
0%
255 ÷ 5 51
0%
306 ÷ 6 51
0%
357 ÷ 7 51
0%
408 ÷ 8 51
0%
459 ÷ 9 51
0%
510 ÷ 10 51
0%
104 ÷ 2 52
0%
156 ÷ 3 52
0%
208 ÷ 4 52
0%
260 ÷ 5 52
0%
312 ÷ 6 52
0%
364 ÷ 7 52
0%
416 ÷ 8 52
0%
468 ÷ 9 52
0%
520 ÷ 10 52
0%
572 ÷ 11 52
0%
106 ÷ 2 53
0%
159 ÷ 3 53
0%
212 ÷ 4 53
0%
265 ÷ 5 53
0%
318 ÷ 6 53
0%
371 ÷ 7 53
0%
424 ÷ 8 53
0%
477 ÷ 9 53
0%
583 ÷ 11 53
0%
108 ÷ 2 54
0%
324 ÷ 6 54
0%
378 ÷ 7 54
0%
432 ÷ 8 54
0%
486 ÷ 9 54
0%
540 ÷ 10 54
0%
594 ÷ 11 54
0%
110 ÷ 2 55
0%
165 ÷ 3 55
0%
220 ÷ 4 55
0%
275 ÷ 5 55
0%
330 ÷ 6 55
0%
440 ÷ 8 55
0%
495 ÷ 9 55
0%
550 ÷ 10 55
0%
112 ÷ 2 56
0%
168 ÷ 3 56
0%
224 ÷ 4 56
0%
280 ÷ 5 56
0%
336 ÷ 6 56
0%
392 ÷ 7 56
0%
448 ÷ 8 56
0%
504 ÷ 9 56
0%
560 ÷ 10 56
0%
114 ÷ 2 57
0%
228 ÷ 4 57
0%
285 ÷ 5 57
0%
342 ÷ 6 57
0%
399 ÷ 7 57
0%
456 ÷ 8 57
0%
513 ÷ 9 57
0%
570 ÷ 10 57
0%
116 ÷ 2 58
0%
232 ÷ 4 58
0%
290 ÷ 5 58
0%
348 ÷ 6 58
0%
406 ÷ 7 58
0%
464 ÷ 8 58
0%
522 ÷ 9 58
0%
580 ÷ 10 58
0%
118 ÷ 2 59
0%
177 ÷ 3 59
0%
236 ÷ 4 59
0%
295 ÷ 5 59
0%
413 ÷ 7 59
0%
531 ÷ 9 59
0%
590 ÷ 10 59
0%
102 ÷ 17 6
0%
114 ÷ 19 6
0%
120 ÷ 20 6
0%
126 ÷ 21 6
0%
132 ÷ 22 6
0%
138 ÷ 23 6
0%
144 ÷ 24 6
0%
150 ÷ 25 6
0%
156 ÷ 26 6
0%
162 ÷ 27 6
0%
168 ÷ 28 6
0%
174 ÷ 29 6
0%
18 ÷ 3 6
0%
180 ÷ 30 6
0%
186 ÷ 31 6
0%
192 ÷ 32 6
0%
198 ÷ 33 6
0%
204 ÷ 34 6
0%
210 ÷ 35 6
0%
216 ÷ 36 6
0%
222 ÷ 37 6
0%
228 ÷ 38 6
0%
234 ÷ 39 6
0%
24 ÷ 4 6
0%
240 ÷ 40 6
0%
246 ÷ 41 6
0%
252 ÷ 42 6
0%
258 ÷ 43 6
0%
264 ÷ 44 6
0%
276 ÷ 46 6
0%
282 ÷ 47 6
0%
288 ÷ 48 6
0%
294 ÷ 49 6
0%
30 ÷ 5 6
0%
300 ÷ 50 6
0%
42 ÷ 7 6
0%
48 ÷ 8 6
0%
54 ÷ 9 6
0%
60 ÷ 10 6
0%
66 ÷ 11 6
0%
72 ÷ 12 6
0%
78 ÷ 13 6
0%
84 ÷ 14 6
0%
90 ÷ 15 6
0%
96 ÷ 16 6
0%
120 ÷ 2 60
0%
180 ÷ 3 60
0%
240 ÷ 4 60
0%
360 ÷ 6 60
0%
420 ÷ 7 60
0%
480 ÷ 8 60
0%
540 ÷ 9 60
0%
122 ÷ 2 61
0%
183 ÷ 3 61
0%
305 ÷ 5 61
0%
427 ÷ 7 61
0%
488 ÷ 8 61
0%
549 ÷ 9 61
0%
124 ÷ 2 62
0%
186 ÷ 3 62
0%
248 ÷ 4 62
0%
372 ÷ 6 62
0%
434 ÷ 7 62
0%
496 ÷ 8 62
0%
558 ÷ 9 62
0%
126 ÷ 2 63
0%
189 ÷ 3 63
0%
252 ÷ 4 63
0%
315 ÷ 5 63
0%
378 ÷ 6 63
0%
441 ÷ 7 63
0%
504 ÷ 8 63
0%
567 ÷ 9 63
0%
128 ÷ 2 64
0%
192 ÷ 3 64
0%
256 ÷ 4 64
0%
320 ÷ 5 64
0%
384 ÷ 6 64
0%
448 ÷ 7 64
0%
576 ÷ 9 64
0%
130 ÷ 2 65
0%
195 ÷ 3 65
0%
260 ÷ 4 65
0%
325 ÷ 5 65
0%
390 ÷ 6 65
0%
455 ÷ 7 65
0%
520 ÷ 8 65
0%
585 ÷ 9 65
0%
132 ÷ 2 66
0%
198 ÷ 3 66
0%
264 ÷ 4 66
0%
330 ÷ 5 66
0%
396 ÷ 6 66
0%
462 ÷ 7 66
0%
528 ÷ 8 66
0%
594 ÷ 9 66
0%
134 ÷ 2 67
0%
201 ÷ 3 67
0%
268 ÷ 4 67
0%
335 ÷ 5 67
0%
402 ÷ 6 67
0%
469 ÷ 7 67
0%
536 ÷ 8 67
0%
136 ÷ 2 68
0%
204 ÷ 3 68
0%
340 ÷ 5 68
0%
408 ÷ 6 68
0%
476 ÷ 7 68
0%
544 ÷ 8 68
0%
207 ÷ 3 69
0%
276 ÷ 4 69
0%
345 ÷ 5 69
0%
414 ÷ 6 69
0%
483 ÷ 7 69
0%
552 ÷ 8 69
0%
112 ÷ 16 7
0%
119 ÷ 17 7
0%
126 ÷ 18 7
0%
133 ÷ 19 7
0%
140 ÷ 20 7
0%
147 ÷ 21 7
0%
161 ÷ 23 7
0%
168 ÷ 24 7
0%
175 ÷ 25 7
0%
182 ÷ 26 7
0%
189 ÷ 27 7
0%
196 ÷ 28 7
0%
203 ÷ 29 7
0%
21 ÷ 3 7
0%
210 ÷ 30 7
0%
217 ÷ 31 7
0%
224 ÷ 32 7
0%
231 ÷ 33 7
0%
238 ÷ 34 7
0%
245 ÷ 35 7
0%
252 ÷ 36 7
0%
259 ÷ 37 7
0%
266 ÷ 38 7
0%
273 ÷ 39 7
0%
28 ÷ 4 7
0%
287 ÷ 41 7
0%
294 ÷ 42 7
0%
301 ÷ 43 7
0%
308 ÷ 44 7
0%
315 ÷ 45 7
0%
322 ÷ 46 7
0%
336 ÷ 48 7
0%
343 ÷ 49 7
0%
35 ÷ 5 7
0%
350 ÷ 50 7
0%
49 ÷ 7 7
0%
56 ÷ 8 7
0%
63 ÷ 9 7
0%
77 ÷ 11 7
0%
84 ÷ 12 7
0%
91 ÷ 13 7
0%
98 ÷ 14 7
0%
210 ÷ 3 70
0%
280 ÷ 4 70
0%
350 ÷ 5 70
0%
420 ÷ 6 70
0%
490 ÷ 7 70
0%
560 ÷ 8 70
0%
142 ÷ 2 71
0%
213 ÷ 3 71
0%
284 ÷ 4 71
0%
355 ÷ 5 71
0%
426 ÷ 6 71
0%
568 ÷ 8 71
0%
144 ÷ 2 72
0%
216 ÷ 3 72
0%
288 ÷ 4 72
0%
360 ÷ 5 72
0%
432 ÷ 6 72
0%
504 ÷ 7 72
0%
576 ÷ 8 72
0%
146 ÷ 2 73
0%
219 ÷ 3 73
0%
292 ÷ 4 73
0%
365 ÷ 5 73
0%
438 ÷ 6 73
0%
511 ÷ 7 73
0%
584 ÷ 8 73
0%
148 ÷ 2 74
0%
222 ÷ 3 74
0%
296 ÷ 4 74
0%
370 ÷ 5 74
0%
444 ÷ 6 74
0%
518 ÷ 7 74
0%
592 ÷ 8 74
0%
150 ÷ 2 75
0%
225 ÷ 3 75
0%
300 ÷ 4 75
0%
375 ÷ 5 75
0%
450 ÷ 6 75
0%
525 ÷ 7 75
0%
600 ÷ 8 75
0%
152 ÷ 2 76
0%
304 ÷ 4 76
0%
380 ÷ 5 76
0%
456 ÷ 6 76
0%
532 ÷ 7 76
0%
154 ÷ 2 77
0%
231 ÷ 3 77
0%
308 ÷ 4 77
0%
385 ÷ 5 77
0%
462 ÷ 6 77
0%
539 ÷ 7 77
0%
156 ÷ 2 78
0%
234 ÷ 3 78
0%
312 ÷ 4 78
0%
390 ÷ 5 78
0%
468 ÷ 6 78
0%
546 ÷ 7 78
0%
158 ÷ 2 79
0%
316 ÷ 4 79
0%
474 ÷ 6 79
0%
553 ÷ 7 79
0%
104 ÷ 13 8
0%
112 ÷ 14 8
0%
120 ÷ 15 8
0%
128 ÷ 16 8
0%
136 ÷ 17 8
0%
144 ÷ 18 8
0%
152 ÷ 19 8
0%
16 ÷ 2 8
0%
160 ÷ 20 8
0%
168 ÷ 21 8
0%
176 ÷ 22 8
0%
184 ÷ 23 8
0%
192 ÷ 24 8
0%
200 ÷ 25 8
0%
208 ÷ 26 8
0%
216 ÷ 27 8
0%
224 ÷ 28 8
0%
232 ÷ 29 8
0%
24 ÷ 3 8
0%
248 ÷ 31 8
0%
256 ÷ 32 8
0%
264 ÷ 33 8
0%
272 ÷ 34 8
0%
280 ÷ 35 8
0%
288 ÷ 36 8
0%
296 ÷ 37 8
0%
304 ÷ 38 8
0%
312 ÷ 39 8
0%
32 ÷ 4 8
0%
320 ÷ 40 8
0%
328 ÷ 41 8
0%
336 ÷ 42 8
0%
344 ÷ 43 8
0%
352 ÷ 44 8
0%
360 ÷ 45 8
0%
368 ÷ 46 8
0%
376 ÷ 47 8
0%
384 ÷ 48 8
0%
392 ÷ 49 8
0%
40 ÷ 5 8
0%
48 ÷ 6 8
0%
56 ÷ 7 8
0%
64 ÷ 8 8
0%
72 ÷ 9 8
0%
80 ÷ 10 8
0%
88 ÷ 11 8
0%
96 ÷ 12 8
0%
160 ÷ 2 80
0%
240 ÷ 3 80
0%
320 ÷ 4 80
0%
400 ÷ 5 80
0%
480 ÷ 6 80
0%
560 ÷ 7 80
0%
162 ÷ 2 81
0%
243 ÷ 3 81
0%
324 ÷ 4 81
0%
405 ÷ 5 81
0%
486 ÷ 6 81
0%
567 ÷ 7 81
0%
164 ÷ 2 82
0%
246 ÷ 3 82
0%
328 ÷ 4 82
0%
410 ÷ 5 82
0%
492 ÷ 6 82
0%
574 ÷ 7 82
0%
166 ÷ 2 83
0%
249 ÷ 3 83
0%
415 ÷ 5 83
0%
498 ÷ 6 83
0%
581 ÷ 7 83
0%
168 ÷ 2 84
0%
252 ÷ 3 84
0%
336 ÷ 4 84
0%
420 ÷ 5 84
0%
588 ÷ 7 84
0%
170 ÷ 2 85
0%
255 ÷ 3 85
0%
340 ÷ 4 85
0%
425 ÷ 5 85
0%
510 ÷ 6 85
0%
595 ÷ 7 85
0%
172 ÷ 2 86
0%
258 ÷ 3 86
0%
344 ÷ 4 86
0%
430 ÷ 5 86
0%
516 ÷ 6 86
0%
174 ÷ 2 87
0%
348 ÷ 4 87
0%
435 ÷ 5 87
0%
522 ÷ 6 87
0%
176 ÷ 2 88
0%
264 ÷ 3 88
0%
352 ÷ 4 88
0%
440 ÷ 5 88
0%
528 ÷ 6 88
0%
178 ÷ 2 89
0%
267 ÷ 3 89
0%
356 ÷ 4 89
0%
445 ÷ 5 89
0%
534 ÷ 6 89
0%
108 ÷ 12 9
0%
117 ÷ 13 9
0%
135 ÷ 15 9
0%
144 ÷ 16 9
0%
153 ÷ 17 9
0%
171 ÷ 19 9
0%
189 ÷ 21 9
0%
198 ÷ 22 9
0%
207 ÷ 23 9
0%
216 ÷ 24 9
0%
225 ÷ 25 9
0%
234 ÷ 26 9
0%
243 ÷ 27 9
0%
252 ÷ 28 9
0%
261 ÷ 29 9
0%
27 ÷ 3 9
0%
270 ÷ 30 9
0%
279 ÷ 31 9
0%
288 ÷ 32 9
0%
297 ÷ 33 9
0%
306 ÷ 34 9
0%
315 ÷ 35 9
0%
333 ÷ 37 9
0%
342 ÷ 38 9
0%
351 ÷ 39 9
0%
36 ÷ 4 9
0%
360 ÷ 40 9
0%
369 ÷ 41 9
0%
378 ÷ 42 9
0%
396 ÷ 44 9
0%
405 ÷ 45 9
0%
414 ÷ 46 9
0%
423 ÷ 47 9
0%
432 ÷ 48 9
0%
441 ÷ 49 9
0%
45 ÷ 5 9
0%
450 ÷ 50 9
0%
54 ÷ 6 9
0%
63 ÷ 7 9
0%
72 ÷ 8 9
0%
81 ÷ 9 9
0%
90 ÷ 10 9
0%
99 ÷ 11 9
0%
180 ÷ 2 90
0%
270 ÷ 3 90
0%
360 ÷ 4 90
0%
450 ÷ 5 90
0%
540 ÷ 6 90
0%
182 ÷ 2 91
0%
273 ÷ 3 91
0%
364 ÷ 4 91
0%
455 ÷ 5 91
0%
546 ÷ 6 91
0%
184 ÷ 2 92
0%
276 ÷ 3 92
0%
368 ÷ 4 92
0%
552 ÷ 6 92
0%
186 ÷ 2 93
0%
372 ÷ 4 93
0%
465 ÷ 5 93
0%
188 ÷ 2 94
0%
282 ÷ 3 94
0%
376 ÷ 4 94
0%
470 ÷ 5 94
0%
285 ÷ 3 95
0%
475 ÷ 5 95
0%
570 ÷ 6 95
0%
192 ÷ 2 96
0%
288 ÷ 3 96
0%
384 ÷ 4 96
0%
480 ÷ 5 96
0%
576 ÷ 6 96
0%
291 ÷ 3 97
0%
388 ÷ 4 97
0%
485 ÷ 5 97
0%
582 ÷ 6 97
0%
196 ÷ 2 98
0%
294 ÷ 3 98
0%
392 ÷ 4 98
0%
490 ÷ 5 98
0%
588 ÷ 6 98
0%
198 ÷ 2 99
0%
297 ÷ 3 99
0%
396 ÷ 4 99
0%
495 ÷ 5 99
0%
594 ÷ 6 99
0%
Aucun quiz correspondant
Distribution des résultats
% des personnes avec chaque résultat
Percentile par nombre de réponses
Votre historique - résultats
Vous n’avez pas pris ce quiz